000 00792nam a22002537a 4500
001 BR7375319
003 BR-BrBNA
005 20230928084417.0
007 ta
008 230509b bl.||||| |||| 00| 0 por d
040 _aBR-BrBNA
_bpor
_cBiblioteca Nacional de Agricultura
041 _a(Por)
072 _aE70
_b/G514
090 _ E70 BR7375319
100 1 _aRocha, R.C.
110 1 _aCooperativa de Citucultores de Araraquara, SP (Brasil)
245 1 _aCooperativas na comercializacao agricola no Brasil
_bApresentado no 1. Seminario de Comercializacao Agricola da America Latina e o Caribe, Jamaica
260 3 _aAraraquara, SP (Brasil):
_c1959.
300 _a4 p.
650 _aComercializacao
650 _aCooperativa
909 _a202309
_bLucia
_c55
_dLucia Elande
942 _cBK
999 _c18769
_d18769